The Theory and Design of Magnetic Amplifiers / (Record no. 182420)

000 -LEADER
fixed length control field 01178 a2200181 4500
003 - CONTROL NUMBER IDENTIFIER
control field Nust
005 - DATE AND TIME OF LATEST TRANSACTION
control field 20221205101050.0
040 ## - CATALOGING SOURCE
Transcribing agency Nust
082 ## - DEWEY DECIMAL CLASSIFICATION NUMBER
Classification number 621.381535,FRO
100 ## - MAIN ENTRY--PERSONAL NAME
Personal name Frost-Smith, Edward Hilary
9 (RLIN) 104036
245 ## - TITLE STATEMENT
Title The Theory and Design of Magnetic Amplifiers /
Statement of responsibility, etc. E. H. Frost-Smith
260 ## - PUBLICATION, DISTRIBUTION, ETC.
Place of publication, distribution, etc. Chapman & Hall
Name of publisher, distributor, etc. London
Date of publication, distribution, etc. 1966
300 ## - PHYSICAL DESCRIPTION
Extent xvii, 487 p
Other physical details illus
Dimensions 22 cm
505 ## - FORMATTED CONTENTS NOTE
Formatted contents note Introduction (Page-1), The Transductor (Page-16), Transient and Steady State Operation of Idealized Transductors (Page-45), The Self-Exited Trasnductor (Page-88), Transductors With Auto-Excitation (Page-123), Transductors With Reactive Loads (Page-154), Closed Loop Control Systems (Page-179), Transient and Frequency Response to Trasnductors (Page-192), High Speed Transductors and Magnetic Amplifiers (Page-232), Balanced Magnetic Amplifier Circuits (Page-267), Low Level Amplification and Multi Stage Amplifiers (Page-306), Magnetic Modulators (Page-346), Construction and Design of Magnetic Amplifiers (Page-359), Applications of Magnetic Amplifiers (Page-417).
600 ## - SUBJECT ADDED ENTRY--PERSONAL NAME
Personal name Frost-Smith,Edward Hilary
9 (RLIN) 104037
650 ## - SUBJECT ADDED ENTRY--TOPICAL TERM
Topical term or geographic name entry element Telecommunication Engineering.
942 ## - ADDED ENTRY ELEMENTS (KOHA)
Source of classification or shelving scheme
Koha item type Book
Holdings
Withdrawn status Lost status Source of classification or shelving scheme Damaged status Not for loan Permanent Location Current Location Shelving location Date acquired Full call number Barcode Date last seen Price effective from Koha item type Public note
          Military College of Signals (MCS) Military College of Signals (MCS) General Stacks 12/12/2016 621.381535,FRO MCS6576 12/08/2016 12/12/2016 Book Almirah No.34, Shelf No.4
          Military College of Signals (MCS) Military College of Signals (MCS) General Stacks 12/12/2016 621.381535,FRO MCS6577 12/08/2016 12/12/2016 Book Almirah No.34, Shelf No.4
          Military College of Signals (MCS) Military College of Signals (MCS) General Stacks 12/12/2016 621.381535,FRO MCS6578 12/08/2016 12/12/2016 Book Almirah No.34, Shelf No.4
          Military College of Signals (MCS) Military College of Signals (MCS) General Stacks 12/12/2016 621.381535,FRO MCS6579 12/08/2016 12/12/2016 Book Almirha No 83, Shelf No 1
          Military College of Signals (MCS) Military College of Signals (MCS) General Stacks 12/12/2016 621.381535,FRO MCS6580 12/08/2016 12/12/2016 Book Almirha No 83, Shelf No 1
© 2023 Central Library, National University of Sciences and Technology. All Rights Reserved.